<?xml version="1.0" encoding="UTF-8"?>
<record
    xmlns:xsi="http://www.w3.org/2001/XMLSchema-instance"
    xsi:schemaLocation="http://www.loc.gov/MARC21/slim http://www.loc.gov/standards/marcxml/schema/MARC21slim.xsd"
    xmlns="http://www.loc.gov/MARC21/slim">

  <leader>02090nam a2200301Ia 4500</leader>
  <controlfield tag="001">D4303</controlfield>
  <controlfield tag="003">IT-RoPAU</controlfield>
  <controlfield tag="008">130308s9999    xx            000 0 und d</controlfield>
  <datafield tag="040" ind1=" " ind2=" ">
    <subfield code="a">IT-RoPAU</subfield>
  </datafield>
  <datafield tag="040" ind1=" " ind2=" ">
    <subfield code="c">IT-RoPAU</subfield>
  </datafield>
  <datafield tag="041" ind1=" " ind2=" ">
    <subfield code="a">FRANCESE</subfield>
  </datafield>
  <datafield tag="100" ind1=" " ind2=" ">
    <subfield code="a">Todorov Tzvetan</subfield>
  </datafield>
  <datafield tag="100" ind1=" " ind2=" ">
    <subfield code="g">Codice Aut. SPICS:  714</subfield>
  </datafield>
  <datafield tag="245" ind1=" " ind2=" ">
    <subfield code="a">Nous et les autres. La reflexion francaise sur la diversit&#xE8; humaine </subfield>
  </datafield>
  <datafield tag="245" ind1=" " ind2=" ">
    <subfield code="b">Nous et Les Autres. La Reflexion Francaise Sur la Diversite' Humaine</subfield>
  </datafield>
  <datafield tag="250" ind1=" " ind2=" ">
    <subfield code="a">1a ed.</subfield>
  </datafield>
  <datafield tag="260" ind1=" " ind2=" ">
    <subfield code="a">PARIS</subfield>
  </datafield>
  <datafield tag="260" ind1=" " ind2=" ">
    <subfield code="b">Seuil</subfield>
  </datafield>
  <datafield tag="260" ind1=" " ind2=" ">
    <subfield code="c">1989 [1&#xB0; Ed.:1989 - Ed.Ling.Originale:1989]</subfield>
  </datafield>
  <datafield tag="300" ind1=" " ind2=" ">
    <subfield code="a">"460 p. (prefazione: no ; testo: 460)"</subfield>
  </datafield>
  <datafield tag="500" ind1=" " ind2=" ">
    <subfield code="a">Noi e gli Altri: Riflessione Francese Sulla Diversit&#xE0; Umana. Universale Erelativo: Etnocentrismo: Spirito Classico, Origine dei Valori, Etnocentrismo Scientifico. Scientismo: Libert&#xE0;, Stato Universale. Montaigne: Deduzione dell'Universale. Evoluzione del Relativismo: Helvetius, Renan, Relativismo e Politica. Levi Strauss: Orizzonte Relativista, Critica dell'Umanesimo, Effetti dell'Umanesimo, Orizzonte dell'Universalit&#xE0;. razza e Razzismo: Determinismo Scientifico, regno della Scienza, Moralit&#xE0; Superiore. Gobineau: razza e Civilizzazione, razza e Storia. Renan: Razze Linguistiche, Scienza contro Religione, fede nella Ragione. Voci del Razzialismo: Razze Storiche,Razzialismo Come Scientismo, Scientismo e totalitarismo. nazione e Nazionalismo: Distinzioni e Definizioni, Uomo o Cittadino, Evoluzione delle dottrine Nazionaliste. tocqueville: contro la Schiavitu', per le Colonie, Convinzione e Responsabilit&#xE0;. Michelet: Determinismo della Libert&#xE0;. Renan e Barres: Libert&#xE0; contro Determinismo, nazione Politica e nazione Culturale. Peguy: Diritti dei Popoli e Unit&#xE0; di Territorio, Eroismo e Piet&#xE0;. conseguenze del Nazionalismo. Esotico: del buon Uso degli Altri, Chateaubriand, Loti,Segalen, Viaggiatori Moderni. Moderazione: Umanesimo ben Temperato. Bibliografia.</subfield>
  </datafield>
  <datafield tag="650" ind1=" " ind2=" ">
    <subfield code="a">EPISTEMOLOGIA</subfield>
  </datafield>
  <datafield tag="650" ind1=" " ind2=" ">
    <subfield code="e">Codice materia Spics: 3051</subfield>
  </datafield>
  <datafield tag="942" ind1=" " ind2=" ">
    <subfield code="c">BK</subfield>
  </datafield>
  <datafield tag="957" ind1=" " ind2=" ">
    <subfield code="7">1</subfield>
  </datafield>
  <datafield tag="999" ind1=" " ind2=" ">
    <subfield code="c">65349</subfield>
    <subfield code="d">65349</subfield>
  </datafield>
  <datafield tag="999" ind1=" " ind2=" ">
    <subfield code="b">SI</subfield>
  </datafield>
  <datafield tag="999" ind1=" " ind2=" ">
    <subfield code="g">1</subfield>
  </datafield>
  <datafield tag="952" ind1=" " ind2=" ">
    <subfield code="0">0</subfield>
    <subfield code="1">0</subfield>
    <subfield code="4">0</subfield>
    <subfield code="6">D_000000000000000_4303</subfield>
    <subfield code="7">1</subfield>
    <subfield code="a">SPICS</subfield>
    <subfield code="b">SPICS</subfield>
    <subfield code="d">2013-03-08</subfield>
    <subfield code="l">0</subfield>
    <subfield code="o">D4303</subfield>
    <subfield code="r">2013-03-08 00:00:00</subfield>
    <subfield code="w">2013-03-08</subfield>
    <subfield code="y">BK</subfield>
    <subfield code="z">Progressivo inserimento:  1395 /  N. Volumi: 1 Copie: 1 Copia Rara: SI / data import: 1 marzo 2013 - By Epidotti, Trombetti, Vaglietti. </subfield>
  </datafield>
</record>
